Joy to the World Christmas Lyrics - Statistics

General Stats
  • This quiz has been taken 44 times
  • The average score is 46 of 71
Answer Stats
lyrics % Correct
joy
100%
joy
100%
joy ...
100%
the
100%
the
100%
the
100%
the
100%
the
100%
the
100%
the
100%
the
100%
to
100%
to
100%
world
100%
world
100%
He
92%
come
90%
and
87%
and
87%
and
87%
and
87%
and
87%
and
87%
and
87%
Lord
87%
is
85%
let
79%
let
79%
let
79%
earth
77%
earth
77%
heaven
77%
sing ...
72%
every
69%
king
69%
nature
69%
her
67%
receive
59%
heart
51%
him
51%
love ...
49%
his
46%
his
46%
prepare
46%
rules
46%
savior
46%
room
44%
with
44%
their
41%
truth
41%
grace
38%
nations
38%
of
38%
of
38%
hills
36%
reigns
36%
employ
33%
glories
33%
makes
33%
men
33%
repeat
33%
rocks
33%
songs
33%
wonders
33%
plains
31%
prove
31%
sounding
31%
fields
28%
floods
28%
righteousness
28%
while
28%
No matching quizzes found
Score Distribution
Percent of People with Each Score
Percentile by Number Answered
Your Score History
You have not taken this quiz